KOHA-Header-6

International Corporate Finance (Record no. 2270)

000 -LEADER
fixed length control field 00306nam a2200121Ia 4500
008 - FIXED-LENGTH DATA ELEMENTS--GENERAL INFORMATION
fixed length control field 190802s9999 xx 000 0 und d
020 ## - INTERNATIONAL STANDARD BOOK NUMBER
International Standard Book Number 978-81-315-1706-2
100 ## - MAIN ENTRY--PERSONAL NAME
Personal name Madura
245 #0 - TITLE STATEMENT
Title International Corporate Finance
260 ## - PUBLICATION, DISTRIBUTION, ETC. (IMPRINT)
Place of publication, distribution, etc New Delhi
Name of publisher, distributor, etc Cengage Learning
Date of publication, distribution, etc 2010
300 ## - PHYSICAL DESCRIPTION
Extent 709:p
942 ## - ADDED ENTRY ELEMENTS (KOHA)
Koha item type Books
Holdings
Withdrawn status Lost status Source of classification or shelving scheme Damaged status Not for loan Collection code Permanent Location Current Location Shelving location Date acquired Total Checkouts Total Renewals Full call number Barcode Date last seen Date checked out Price effective from Koha item type
        Not For Loan Finance MAJU MAJU Shelf No.A38 REF 2019-08-03 4 2 658.15 8893 2020-10-20 2020-02-22 2019-08-03 Finance

Powered by Koha